[Event "Mecklenburg-Vorpommern 1-Brandenburg 1"]
[Site "?"]
[Date "2015.09.07"]
[Round "2.3"]
[White "Grottke, Hans-Joachim"]
[Black "Pruesse, Horst"]
[Result "1-0"]
[WhiteElo "2193"]
[BlackElo "2037"]
[PlyCount "83"]
[EventDate "2015.??.??"]
[WhiteTeam "Brandenburg 1"]
[BlackTeam "Mecklenburg-Vorpommern 1"]

1. e4 c5 2. Nf3 a6 3. c3 d5 4. exd5 Nf6 5. c4 e6 6. dxe6 Bxe6 7. Be2 Nc6 8. O-O
Be7 9. Nc3 O-O 10. d3 Qc7 11. d4 cxd4 12. Nxd4 Nxd4 13. Qxd4 Rfd8 14. Qf4 Rac8
15. Qxc7 Rxc7 16. Bf4 Rcc8 17. Rfd1 h6 18. Rxd8+ Bxd8 19. Rd1 Kf8 20. Bf3 Ba5
21. c5 Kg8 22. Bd6 b6 23. Bb7 Re8 24. c6 Bxc3 25. bxc3 a5 26. a3 Ne4 27. Bc7
Nxc3 28. Rd8 Rxd8 29. Bxd8 Nb5 30. a4 Nd6 31. Bxb6 Bd5 32. Ba8 Bb3 33. Bc5 Ne8
34. Bb6 Bxa4 35. Bxa5 Bb3 36. f3 Nd6 37. Kf2 Be6 38. Ke2 Kf8 39. Bb4 Ke7 40. Ke3
Bc4 41. Kd4 Be6 42. Bb7 1-0

[Event "Mecklenburg-Vorpommern 1-Brandenburg 1"]
[Site "?"]
[Date "2015.09.07"]
[Round "2.4"]
[White "Kliewe, Hans-Juergen"]
[Black "Walkewitz, Hubert"]
[Result "1/2-1/2"]
[WhiteElo "2026"]
[BlackElo "2140"]
[PlyCount "101"]
[EventDate "2015.??.??"]
[WhiteTeam "Mecklenburg-Vorpommern 1"]
[BlackTeam "Brandenburg 1"]

1. d4 f5 2. Bf4 Nf6 3. e3 e6 4. Nf3 Be7 5. h3 O-O 6. Be2 d5 7. O-O c6 8. c4 Nbd7
9. Nc3 Ne4 10. Ne5 Nxc3 11. bxc3 Bf6 12. Nf3 b6 13. cxd5 exd5 14. c4 dxc4 15.
Bxc4+ Kh8 16. Rc1 Bb7 17. Be6 g6 18. Qb3 Qe7 19. Bxd7 Qxd7 20. Ne5 Qe8 21. Rc2
c5 22. Bh6 Bg7 23. Bxg7+ Kxg7 24. f4 Be4 25. Rd2 Qd8 26. Qb2 c4 27. d5 Qf6 28.
Rc1 Rac8 29. d6 Bd3 30. d7 Rc5 31. Qa3 Rxe5 32. fxe5 Qxe5 33. Rxd3 cxd3 34. Qxd3
Rd8 35. Rd1 Kf7 36. Kf2 Ke7 37. Qa3+ Qc5 38. Qa4 g5 39. Rd2 f4 40. Qe4+ Kf6 41.
Rd4 fxe3+ 42. Qxe3 Qf5+ 43. Kg1 Rxd7 44. Rxd7 Qxd7 45. Qc3+ Kg6 46. Qc2+ Kh6 47.
Qb2 Qd6 48. Kh1 a5 49. Qe2 a4 50. Qe8 a3 51. Qe3 1/2-1/2

[Event "Hamburg 2-Hessen 2"]
[Site "?"]
[Date "2015.09.07"]
[Round "2.1"]
[White "Kaulfuss, Helmut"]
[Black "Kuhn, Gerd"]
[Result "1/2-1/2"]
[WhiteElo "2115"]
[BlackElo "2076"]
[PlyCount "113"]
[EventDate "2015.??.??"]

1. e4 e6 2. d3 d5 3. Nd2 Nf6 4. Ngf3 c5 5. Be2 Nc6 6. O-O Bd6 7. Re1 O-O 8. c3
Qc7 9. Bf1 b6 10. Qe2 Ng4 11. g3 Ba6 12. Qd1 Nf6 13. Qc2 dxe4 14. dxe4 Bxf1 15.
Nxf1 h6 16. a4 Ng4 17. Qe2 Rfd8 18. Ne3 Nxe3 19. Bxe3 Na5 20. c4 Qb7 21. Qc2 Nc6
22. Rad1 Nb4 23. Qb1 Bc7 24. Rd2 f5 25. Red1 Qxe4 26. Qxe4 fxe4 27. Rxd8+ Rxd8
28. Rxd8+ Bxd8 29. Nd2 Nd3 30. b3 Nc1 31. a5 Bc7 32. axb6 axb6 33. Kf1 Be5 34.
Nxe4 Nxb3 35. Ke2 Kf7 36. h3 Ke7 37. f4 Bd4 38. Bxd4 Nxd4+ 39. Kd3 Nf5 40. g4
Nd6 41. Nc3 Kd7 42. h4 Kc6 43. h5 b5 44. cxb5+ Nxb5 45. Nd1 Nd6 46. Ne3 Kb5 47.
Kc3 Ne4+ 48. Kd3 Nf6 49. Kc3 Kc6 50. Kc4 Nd5 51. Ng2 Nf6 52. Ne3 Kd6 53. Kd3 Nd5
54. Nc4+ Ke7 55. Ke4 Nf6+ 56. Kf3 Nd7 57. g5 1/2-1/2

[Event "Hamburg 2-Hessen 2"]
[Site "?"]
[Date "2015.09.07"]
[Round "2.2"]
[White "Gerigk, Wolf"]
[Black "Haase, Wolfgang"]
[Result "1/2-1/2"]
[WhiteElo "2055"]
[BlackElo "2133"]
[PlyCount "85"]
[EventDate "2015.??.??"]

1. d4 d5 2. Nf3 e6 3. c4 Nf6 4. g3 Bb4+ 5. Bd2 Bxd2+ 6. Nbxd2 c6 7. Bg2 Nbd7 8.
O-O O-O 9. Re1 Re8 10. Ne5 Nxe5 11. dxe5 Ng4 12. e4 Nxe5 13. exd5 exd5 14. cxd5
cxd5 15. Nb3 Bg4 16. Qxd5 Qxd5 17. Bxd5 Nf3+ 18. Bxf3 Bxf3 19. Nd4 Bd5 20. a3 a6
21. f3 Kf8 22. h4 h5 23. Kf2 g6 24. Rxe8+ Rxe8 25. Rc1 Ke7 26. Re1+ Kd7 27. Rxe8
Kxe8 28. g4 hxg4 29. fxg4 f6 30. h5 Kf7 31. Ke3 Ba2 32. hxg6+ Kxg6 33. Kf4 Kf7
34. Ke4 Kg6 35. Kf4 Kf7 36. b4 Ke7 37. Ne2 Ke6 38. Nc3 Bc4 39. Ne4 b6 40. Nc3
Bb3 41. Ke4 Bc2+ 42. Kd4 Bb3 43. Ke4 1/2-1/2

[Event "Hamburg 2-Hessen 2"]
[Site "?"]
[Date "2015.09.07"]
[Round "2.3"]
[White "Benninger, Rudolf"]
[Black "Duemmke, Juergen"]
[Result "1-0"]
[WhiteElo "2097"]
[BlackElo "1975"]
[PlyCount "115"]
[EventDate "2015.??.??"]

1. e4 e5 2. Bc4 Nf6 3. d3 Nc6 4. f4 d5 5. exd5 Nxd5 6. Qf3 Be6 7. Ne2 Nxf4 8.
Bxf4 Bxc4 9. dxc4 exf4 10. Nbc3 Bd6 11. O-O-O Qh4 12. Ne4 O-O-O 13. Nxd6+ Rxd6
14. Rxd6 cxd6 15. Qe4 Qf2 16. Nxf4 Nd4 17. Re1 f5 18. Nh3 fxe4 19. Nxf2 e3 20.
Rxe3 Rf8 21. Ne4 Rf1+ 22. Kd2 Kd7 23. Rd3 Nf5 24. c5 Rf4 25. Nxd6 Kc6 26. Rf3
Rxf3 27. gxf3 Nd4 28. f4 Nf3+ 29. Ke3 Nxh2 30. f5 Ng4+ 31. Kf4 Nf6 32. c4 a5 33.
b3 b6 34. Nf7 Kxc5 35. a3 a4 36. bxa4 Kxc4 37. Nd6+ Kd5 38. Nc8 Kc6 39. Ke5 Kc7
40. Na7 Kd7 41. Nb5 Ke7 42. Nd4 Nd7+ 43. Kd5 Nc5 44. a5 Kd7 45. Ne6 h5 46. Nxg7
h4 47. Nh5 Kc7 48. Nf4 Nd7 49. axb6+ Nxb6+ 50. Ke6 Kd8 51. f6 Nd7 52. f7 Nf8+
53. Kd6 Kc8 54. Ke7 Nh7 55. Nh3 Kb7 56. Ng5 Nxg5 57. f8=Q h3 58. Qh6 1-0

[Event "Hamburg 2-Hessen 2"]
[Site "?"]
[Date "2015.09.07"]
[Round "2.4"]
[White "Krotofil, Kurt"]
[Black "Kopp, Peter"]
[Result "1/2-1/2"]
[WhiteElo "1958"]
[BlackElo "2042"]
[PlyCount "56"]
[EventDate "2015.??.??"]

1. d4 Nf6 2. c4 g6 3. Nc3 Bg7 4. e4 d6 5. Nf3 O-O 6. Be2 Nbd7 7. O-O e5 8. Re1
Re8 9. Bf1 c6 10. Rb1 a5 11. b3 exd4 12. Nxd4 Nc5 13. f3 Qe7 14. Be3 Be6 15. a3
Na6 16. b4 axb4 17. axb4 Bd7 18. Qd2 c5 19. Nc2 cxb4 20. Nxb4 Nxb4 21. Rxb4 Bc6
22. Nd5 Bxd5 23. cxd5 Rec8 24. Reb1 Rc7 25. Bb6 Rcc8 26. Bd4 Rc7 27. Bb6 Rcc8
28. Bd4 Rc7 1/2-1/2

[Event "Sachsen-Anhalt 1-Bremen"]
[Site "?"]
[Date "2015.09.07"]
[Round "2.1"]
[White "Buchal, Stephan"]
[Black "Liebert, Heinz"]
[Result "1-0"]
[WhiteElo "2297"]
[BlackElo "2215"]
[PlyCount "83"]
[EventDate "2015.??.??"]
[WhiteTeam "Bremen"]
[BlackTeam "Sachsen-Anhalt 1"]

1. e4 c5 2. Nf3 Nc6 3. Bb5 g6 4. Bxc6 dxc6 5. d3 Bg7 6. h3 e5 7. Be3 b6 8. Nc3
h6 9. Qd2 Be6 10. a3 Ne7 11. Nh2 c4 12. O-O g5 13. Ne2 cxd3 14. cxd3 f5 15. exf5
Nxf5 16. Rac1 Rc8 17. Ng3 O-O 18. Ne4 Bd5 19. Qe2 Qd7 20. b4 Nh4 21. Rfd1 Ng6
22. Qh5 Nf4 23. Bxf4 Rxf4 24. Nf1 Bb3 25. Rd2 Bf7 26. Qe2 Bd5 27. Nfg3 Rcf8 28.
Re1 Bh8 29. Qh5 Qe6 30. Re3 Rh4 31. Qe2 g4 32. hxg4 Qxg4 33. Qxg4+ Rxg4 34. f3
Rg6 35. Kf2 Rf4 36. Rd1 Bg7 37. Rh1 Bf8 38. Rh5 Re6 39. Nf5 Bxe4 40. dxe4 c5 41.
g3 Rxf5 42. exf5 1-0

[Event "Sachsen-Anhalt 1-Bremen"]
[Site "?"]
[Date "2015.09.07"]
[Round "2.2"]
[White "Hamm, Georg"]
[Black "Rust-Lux, Klaus"]
[Result "1/2-1/2"]
[WhiteElo "2133"]
[BlackElo "2106"]
[PlyCount "48"]
[EventDate "2015.??.??"]
[WhiteTeam "Sachsen-Anhalt 1"]
[BlackTeam "Bremen"]

1. Nf3 g6 2. g3 Bg7 3. Bg2 d6 4. e4 e5 5. O-O Nc6 6. c3 Nf6 7. Re1 O-O 8. d4 Bd7
9. Na3 Qc8 10. dxe5 dxe5 11. Nc4 Re8 12. Qc2 Nh5 13. Ne3 h6 14. Bd2 Be6 15. Rad1
Ne7 16. Bc1 c6 17. Bf1 Qc7 18. Bc4 Bxc4 19. Nxc4 Rad8 20. Rxd8 Rxd8 21. Rd1
Rxd1+ 22. Qxd1 b5 23. Na3 Nf6 24. Qd3 Ne8 1/2-1/2

[Event "Sachsen-Anhalt 1-Bremen"]
[Site "?"]
[Date "2015.09.07"]
[Round "2.3"]
[White "Gerhardt, Peter-Michael"]
[Black "Schmidt, Joerg"]
[Result "0-1"]
[WhiteElo "1969"]
[BlackElo "2111"]
[PlyCount "94"]
[EventDate "2015.??.??"]
[WhiteTeam "Bremen"]
[BlackTeam "Sachsen-Anhalt 1"]

1. Nf3 c5 2. g3 Nc6 3. Bg2 g6 4. O-O Bg7 5. d3 Nf6 6. c4 O-O 7. Nc3 d6 8. Bd2
Rb8 9. Qc1 Re8 10. Rb1 a6 11. b3 Bg4 12. h3 Bd7 13. Bh6 Bh8 14. e4 b5 15. Nd5 e6
16. Nxf6+ Bxf6 17. Bf4 e5 18. Bd2 b4 19. Qd1 a5 20. Ne1 Nd4 21. Nc2 Nxc2 22.
Qxc2 Bg7 23. Be3 Rf8 24. h4 Ra8 25. Kh2 Ra7 26. Qe2 a4 27. h5 g5 28. h6 Bxh6 29.
Qh5 Qf6 30. f4 Bg7 31. fxg5 Qg6 32. Qe2 axb3 33. axb3 Rfa8 34. Rb2 Bf8 35. Bf3
Be6 36. Bh5 Qg7 37. Rf6 Be7 38. Qf2 h6 39. Rxe6 fxe6 40. gxh6 Qf6 41. Qe2 Kh7
42. Qg2 Rf8 43. Rf2 Qh8 44. Bf7 Bg5 45. Qf1 Bxe3 46. Bg6+ Kxg6 47. Rxf8 Qxh6+
0-1

[Event "Sachsen-Anhalt 1-Bremen"]
[Site "?"]
[Date "2015.09.07"]
[Round "2.4"]
[White "Mikolajewski, Armin"]
[Black "Meyer, Irmin"]
[Result "0-1"]
[WhiteElo "2080"]
[BlackElo "1991"]
[PlyCount "48"]
[EventDate "2015.??.??"]
[WhiteTeam "Sachsen-Anhalt 1"]
[BlackTeam "Bremen"]

1. d4 Nf6 2. c4 e6 3. Nf3 b6 4. Nc3 Bb7 5. e3 Bb4 6. Bd3 Ne4 7. Qc2 f5 8. a3
Bxc3+ 9. bxc3 O-O 10. O-O d6 11. Nd2 Nxd2 12. Bxd2 Nd7 13. f3 Qe7 14. a4 a5 15.
e4 fxe4 16. Bxe4 Bxe4 17. Qxe4 Nf6 18. Qh4 Rae8 19. Rfe1 Qd7 20. Bg5 Qc6 21.
Bxf6 Rxf6 22. d5 exd5 23. Rxe8+ Qxe8 24. Qh3 dxc4 {rest nicht rekonstruierbar}
0-1

[Event "Berlin 3-Rheinland-Pfalz 2"]
[Site "?"]
[Date "2015.09.07"]
[Round "2.1"]
[White "Krieger, Hermann"]
[Black "Burger, Heinrich"]
[Result "1-0"]
[WhiteElo "2206"]
[BlackElo "2121"]
[PlyCount "59"]
[EventDate "2015.??.??"]
[WhiteTeam "Rheinland-Pfalz 2"]
[BlackTeam "VfB Hermsdorf"]

1. e4 c6 2. d4 g6 3. Nc3 Bg7 4. Be3 d5 5. f3 dxe4 6. fxe4 Nf6 7. h3 Qb6 8. Qd2
Qxb2 9. Rb1 Qa3 10. Nf3 O-O 11. Bd3 Nh5 12. g4 Nf6 13. O-O Nfd7 14. Rb3 Qa5 15.
Qf2 e5 16. d5 Na6 17. Bxa6 Qxa6 18. Ng5 Bh6 19. Qh4 Bxg5 20. Bxg5 Qc4 21. Be7
Qd4+ 22. Kh2 Qd2+ 23. Rf2 Qe3 24. Bxf8 Nxf8 25. Qf6 Bf5 26. Nd1 Qe1 27. gxf5
Qxd1 28. fxg6 Nxg6 29. Qxf7+ Kh8 30. Rxb7 1-0

[Event "Berlin 3-Rheinland-Pfalz 2"]
[Site "?"]
[Date "2015.09.07"]
[Round "2.2"]
[White "Krug, Peter"]
[Black "Schwertel, Johann"]
[Result "1/2-1/2"]
[WhiteElo "2181"]
[BlackElo "2007"]
[PlyCount "91"]
[EventDate "2015.??.??"]
[WhiteTeam "SC Friesen Lichtenberg"]
[BlackTeam "Rheinland-Pfalz 2"]

1. e4 c6 2. d4 d5 3. Nc3 dxe4 4. Nxe4 Nf6 5. Ng3 e5 6. Nf3 exd4 7. Qxd4 Qxd4 8.
Nxd4 Bc5 9. Nb3 Bb6 10. Bd3 O-O 11. O-O Nbd7 12. Bf4 Re8 13. Rae1 Nf8 14. Rxe8
Nxe8 15. a4 Be6 16. a5 Bc7 17. Bxc7 Nxc7 18. Nc5 Bc8 19. Nf5 Nce6 20. Nxe6 Bxe6
21. Nd6 b6 22. Ra1 b5 23. Rd1 Rb8 24. Ne4 Bd5 25. f3 h6 26. Nc5 Ne6 27. Nxe6
fxe6 28. Kf2 Kf7 29. b3 b4 30. Ke3 c5 31. Be4 Rd8 32. f4 Kf6 33. g4 g6 34. h4
Re8 35. g5+ hxg5 36. hxg5+ Kf7 37. Rh1 Kg7 38. Rc1 Rh8 39. Rf1 Rh2 40. Bxd5 exd5
41. Kd3 Rh3+ 42. Kd2 c4 43. bxc4 dxc4 44. Rb1 b3 45. cxb3 cxb3 46. Rc1 1/2-1/2

[Event "Berlin 3-Rheinland-Pfalz 2"]
[Site "?"]
[Date "2015.09.07"]
[Round "2.3"]
[White "Dietzsch, Herbert"]
[Black "Shapiro, Yosip"]
[Result "1/2-1/2"]
[WhiteElo "2060"]
[BlackElo "2101"]
[PlyCount "61"]
[EventDate "2015.??.??"]
[WhiteTeam "Rheinland-Pfalz 2"]
[BlackTeam "SV Berolina Mitte"]

1. e4 c6 2. d4 d5 3. exd5 cxd5 4. Bd3 Nc6 5. c3 Nf6 6. h3 g6 7. Nf3 Bg7 8. O-O
O-O 9. Re1 Qc7 10. Nbd2 Nh5 11. Nf1 Nf4 12. Bc2 Nh5 13. Ne3 e6 14. Ng4 f5 15.
Nfe5 Nf6 16. Bf4 Qb6 17. Nxc6 bxc6 18. Rb1 c5 19. Be5 Bd7 20. dxc5 Qxc5 21. Qd4
Qxd4 22. cxd4 Rfc8 23. Bd3 a6 24. Rbc1 Ne4 25. Bxg7 Kxg7 26. Ne5 Bb5 27. f3 Nd6
28. Kf2 Kf6 29. b3 h5 30. Ke3 g5 31. a4 1/2-1/2

[Event "Berlin 3-Rheinland-Pfalz 2"]
[Site "?"]
[Date "2015.09.07"]
[Round "2.4"]
[White "Glatthor, Thomas"]
[Black "Ranker, Klemens"]
[Result "1/2-1/2"]
[WhiteElo "2047"]
[BlackElo "1864"]
[PlyCount "85"]
[EventDate "2015.??.??"]
[WhiteTeam "VfB Hermsdorf"]
[BlackTeam "Rheinland-Pfalz 2"]

1. Nf3 Nf6 2. g3 g6 3. Bg2 Bg7 4. d4 d5 5. c4 dxc4 6. Nc3 O-O 7. O-O c6 8. a4
Bf5 9. Re1 Qc8 10. Ne5 Bh3 11. Nxc4 Bxg2 12. Kxg2 Na6 13. e3 Nc7 14. Bd2 Ne6 15.
h4 Qc7 16. Rc1 Rad8 17. Qf3 Qb8 18. Red1 Nd5 19. Nxd5 Rxd5 20. b4 Qd8 21. Qe2
Rh5 22. Na5 Qd7 23. Rh1 Bf6 24. f3 Rd8 25. Qf2 Rd5 26. Nb3 b6 27. Bc3 Qb7 28. e4
Nxd4 29. exd5 Nxb3 30. Rc2 Rxd5 31. Bxf6 exf6 32. Re1 Nd4 33. Rd2 c5 34. bxc5
bxc5 35. Rb2 Qc6 36. Re3 Kg7 37. g4 Ne6 38. Re4 Qc7 39. f4 Rd3 40. g5 f5 41. Rc4
Qc6+ 42. Kh2 Qd5 43. Rc1 1/2-1/2

[Event "Wuerttemberg 2-Sachsen 1"]
[Site "?"]
[Date "2015.09.07"]
[Round "2.1"]
[White "Weidlich, Guenter"]
[Black "Wolf, Walter"]
[Result "1/2-1/2"]
[WhiteElo "2199"]
[BlackElo "2125"]
[PlyCount "80"]
[EventDate "2015.??.??"]

1. d4 g6 2. Nf3 Bg7 3. Bf4 f5 4. e3 Nf6 5. Bc4 d5 6. Be2 e6 7. c4 O-O 8. Nc3 c6
9. O-O Ne4 10. Be5 Bxe5 11. Nxe5 Nxc3 12. bxc3 Nd7 13. f4 Nxe5 14. fxe5 Bd7 15.
Rb1 Qc7 16. Qb3 Rab8 17. a4 b6 18. Rfc1 Qd8 19. Rf1 Qg5 20. Rf4 Qh6 21. Rbf1 g5
22. R4f2 Kh8 23. Qb4 Rf7 24. Bd3 Rbf8 25. Qb1 Be8 26. a5 bxa5 27. c5 f4 28. exf4
Rxf4 29. Rxf4 gxf4 30. Qc1 Bg6 31. Bxg6 hxg6 32. Rf3 Kg7 33. Qa3 g5 34. h3 Qg6
35. Qxa5 Qb1+ 36. Rf1 Qb7 37. Ra1 Rf7 38. Rf1 Qb3 39. Qd8 Qxc3 40. Qxg5+ Kf8
1/2-1/2

[Event "Wuerttemberg 2-Sachsen 1"]
[Site "?"]
[Date "2015.09.07"]
[Round "2.2"]
[White "Schmid, Hartmut"]
[Black "Boehm, Erwin"]
[Result "1-0"]
[WhiteElo "2147"]
[BlackElo "2172"]
[PlyCount "95"]
[EventDate "2015.??.??"]

1. c4 g6 2. d4 Bg7 3. Nc3 d6 4. e4 Nc6 5. Be3 e5 6. dxe5 dxe5 7. Qxd8+ Kxd8 8.
Nd5 Nd4 9. O-O-O c6 10. Nc3 Kc7 11. f4 Bg4 12. Rd2 Rd8 13. h3 Be6 14. g4 Bh6 15.
g5 Bg7 16. b3 h6 17. Bg2 hxg5 18. fxg5 Ne7 19. Nge2 Nxe2+ 20. Nxe2 Rxd2 21. Kxd2
Nc8 22. h4 Nb6 23. Bf3 Nd7 24. h5 gxh5 25. Rxh5 Rg8 26. Ng3 Bf8 27. Nf5 Bc5 28.
Bxc5 Nxc5 29. Ke3 a5 30. Be2 Nd7 31. Nh4 a4 32. Nf5 axb3 33. axb3 Ra8 34. Ng7
Nc5 35. Nxe6+ Nxe6 36. Bg4 Nf8 37. Rh1 Kd6 38. Rf1 Ra3 39. Rxf7 Rxb3+ 40. Kf2
Rb2+ 41. Ke3 Rb3+ 42. Kd2 Rg3 43. Bf5 Rxg5 44. Rxf8 Kc5 45. Rf7 Kd4 46. Rd7+
Kxc4 47. Rxb7 Rg2+ 48. Ke3 1-0

[Event "Wuerttemberg 2-Sachsen 1"]
[Site "?"]
[Date "2015.09.07"]
[Round "2.3"]
[White "Knaak, Joachim"]
[Black "Lainburg, Viktor"]
[Result "1-0"]
[WhiteElo "2105"]
[BlackElo "2127"]
[PlyCount "101"]
[EventDate "2015.??.??"]

1. d4 d5 2. c4 dxc4 3. Nf3 a6 4. a4 Nc6 5. e3 Na5 6. Ne5 Be6 7. Nd2 Nb3 8. Rb1
Nf6 9. Ndxc4 Nxc1 10. Rxc1 Bd5 11. Nd2 e6 12. Qc2 Bb4 13. Bd3 c5 14. O-O cxd4
15. exd4 O-O 16. Ndf3 Qe7 17. Qe2 Rac8 18. Nc4 Nd7 19. Rc2 Rc6 20. Nfe5 Nxe5 21.
Nxe5 Rxc2 22. Qxc2 g6 23. Be4 Rd8 24. Rd1 Kg7 25. Bxd5 Rxd5 26. g3 Qd8 27. Nf3
Be7 28. Rd2 Bf6 29. Qc3 Rf5 30. Ne5 Qd5 31. f4 Qe4 32. Kf2 g5 33. Qf3 Qxf3+ 34.
Kxf3 gxf4 35. g4 Rxe5 36. dxe5 Bxe5 37. Ke4 Bf6 38. Kxf4 Kg6 39. Kf3 Kg5 40. Rd7
Bxb2 41. Rxf7 b5 42. axb5 axb5 43. Rxh7 b4 44. h4+ Kg6 45. Rb7 Bc3 46. Rb6 Kf6
47. Rb5 Ke7 48. Ke4 Kd6 49. Rb6+ Kc5 50. Rxe6 b3 51. Kd3 1-0

[Event "Wuerttemberg 2-Sachsen 1"]
[Site "?"]
[Date "2015.09.07"]
[Round "2.4"]
[White "Engbrecht, Helmut"]
[Black "Lehmann, Wolfgang"]
[Result "1/2-1/2"]
[WhiteElo "2004"]
[BlackElo "1912"]
[PlyCount "38"]
[EventDate "2015.??.??"]

1. e4 c5 2. Nc3 Nc6 3. Nf3 d6 4. Bb5 Bd7 5. Bxc6 Bxc6 6. d4 cxd4 7. Qxd4 Nf6 8.
Bg5 e6 9. O-O Be7 10. Rad1 Qc7 11. Bh4 O-O 12. Bg3 e5 13. Qd3 a6 14. Bh4 Rfd8
15. Bxf6 Bxf6 16. Rfe1 Rac8 17. Rd2 b5 18. Nd5 Bxd5 19. Qxd5 Qc5 1/2-1/2

[Event "Niedersachsen 2-Mecklenburg-Vorpommern 2"]
[Site "?"]
[Date "2015.09.07"]
[Round "2.1"]
[White "Krueger, Horst"]
[Black "Jentsch, Dieter"]
[Result "0-1"]
[WhiteElo "2119"]
[BlackElo "2172"]
[PlyCount "56"]
[EventDate "2015.??.??"]
[WhiteTeam "Mecklenburg-Vorpommern 2"]
[BlackTeam "Niedersachsen 2"]

1. d4 d5 2. c4 c6 3. Nc3 Nf6 4. Nf3 e6 5. Bg5 dxc4 6. e3 b5 7. Be2 Nbd7 8. O-O
Be7 9. a4 Qb6 10. b3 b4 11. a5 Qc7 12. Na4 c3 13. Qc2 h6 14. Bh4 Nd5 15. e4 Nf4
16. Bc4 Bxh4 17. Nxh4 e5 18. Nf3 exd4 19. Nxd4 Ne5 20. Rfd1 Nxc4 21. bxc4 O-O
22. Nc5 Qe5 23. Ncb3 c5 24. Nf3 Qh5 25. Ne1 Be6 26. g3 Ne2+ 27. Kg2 Qh3+ 28. Kh1
Qf1# 0-1

[Event "Niedersachsen 2-Mecklenburg-Vorpommern 2"]
[Site "?"]
[Date "2015.09.07"]
[Round "2.2"]
[White "Pape, Manfred"]
[Black "Alder, Bodo"]
[Result "1/2-1/2"]
[WhiteElo "2115"]
[BlackElo "2072"]
[PlyCount "79"]
[EventDate "2015.??.??"]
[WhiteTeam "Niedersachsen 2"]
[BlackTeam "Mecklenburg-Vorpommern 2"]

1. d4 Nf6 2. Nc3 d5 3. Bg5 a6 4. f3 h6 5. Bh4 e6 6. e4 Be7 7. Bf2 b6 8. Bd3 c5
9. e5 Nfd7 10. f4 cxd4 11. Bxd4 Nc6 12. Nf3 Nc5 13. Ne2 Qc7 14. a3 b5 15. O-O g6
16. Kh1 Bb7 17. b3 Rd8 18. Bb2 Ne4 19. Qe1 g5 20. Bxe4 dxe4 21. Nd2 gxf4 22.
Nxe4 Nxe5 23. Nxf4 Rg8 24. Nh5 Ng4 25. Rf4 Qxc2 26. Ng7+ Rxg7 27. Bxg7 f5 28.
Rc1 Qxb3 29. h3 Bxe4 30. Rxe4 fxe4 31. hxg4 Bxa3 32. Ra1 Bc5 33. Qxe4 Rd1+ 34.
Rxd1 Qxd1+ 35. Kh2 Qg1+ 36. Kh3 Qh1+ 37. Kg3 Bd6+ 38. Be5 Bxe5+ 39. Qxe5 Kf7 40.
Qf4+ 1/2-1/2

[Event "Niedersachsen 2-Mecklenburg-Vorpommern 2"]
[Site "?"]
[Date "2015.09.07"]
[Round "2.3"]
[White "Nauschuetz, Ernst"]
[Black "Kaiser, Gerhard"]
[Result "1/2-1/2"]
[WhiteElo "1993"]
[BlackElo "2152"]
[PlyCount "101"]
[EventDate "2015.??.??"]
[WhiteTeam "Mecklenburg-Vorpommern 2"]
[BlackTeam "Niedersachsen 2"]

1. c4 e5 2. g3 Nf6 3. Bg2 Nc6 4. Nc3 Bb4 5. Nd5 Bc5 6. Nf3 O-O 7. O-O d6 8. d3
Nxd5 9. cxd5 Ne7 10. d4 exd4 11. Nxd4 Bd7 12. a3 c6 13. dxc6 Nxc6 14. Nxc6 Bxc6
15. b4 Qf6 16. Ra2 Bb6 17. Rd2 Rad8 18. Bb2 Qe6 19. Bd5 Qd7 20. Qb3 Qg4 21. Rfd1
h5 22. Kg2 Rd7 23. h3 Qf5 24. e4 Qg6 25. f4 Re7 26. f5 Qg5 27. Qf3 Rfe8 28. Bxc6
bxc6 29. Re2 d5 30. e5 Bc7 31. Rde1 g6 32. f6 Re6 33. Qf4 Qxf4 34. gxf4 a5 35.
Bd4 Rb8 36. Bc5 axb4 37. axb4 Bb6 38. Bd6 Rc8 39. Rc2 Ree8 40. Rec1 Be3 41. Rf1
g5 42. fxg5 Bxg5 43. Rf5 Bh6 44. Rxh5 Kh7 45. Kf3 Kg6 46. Rh4 Kg5 47. Rg4+ Kf5
48. Rh4 Bf8 49. Rh5+ Kg6 50. Rh8 Kf5 51. Rh5+ 1/2-1/2

[Event "Niedersachsen 2-Mecklenburg-Vorpommern 2"]
[Site "?"]
[Date "2015.09.07"]
[Round "2.4"]
[White "Schneider, Alexander"]
[Black "Krueger, Gerhard"]
[Result "1-0"]
[WhiteElo "1989"]
[BlackElo "2034"]
[PlyCount "69"]
[EventDate "2015.??.??"]
[WhiteTeam "Niedersachsen 2"]
[BlackTeam "Mecklenburg-Vorpommern 2"]

1. d4 d5 2. c4 e6 3. Nc3 Nf6 4. Nf3 Nbd7 5. cxd5 exd5 6. Bg5 Be7 7. e3 c6 8. Bd3
Ne4 9. Bxe7 Qxe7 10. Qc2 f5 11. a3 O-O 12. O-O Qd6 13. Ne2 Rf6 14. b4 a6 15.
Rfb1 Nf8 16. Ne5 Ng6 17. f4 Bd7 18. a4 Rc8 19. Bxe4 fxe4 20. Qc5 Qc7 21. Rc1 Nf8
22. Qc2 Be8 23. Nc3 Qd6 24. Qb3 Kh8 25. Rab1 Rd8 26. b5 axb5 27. axb5 Ra8 28.
bxc6 bxc6 29. Na4 Ne6 30. Nc5 Nc7 31. Ra1 Rf8 32. Qb7 Rxa1 33. Rxa1 Nb5 34. Ra8
Qf6 35. Ned7 1-0

[Event "Schleswig-Holstein 2-Sachsen-Anhalt 2"]
[Site "?"]
[Date "2015.09.07"]
[Round "2.1"]
[White "Bondick, Karl-Heinz"]
[Black "Kornrumpf, Joachim"]
[Result "1/2-1/2"]
[WhiteElo "2045"]
[BlackElo "2079"]
[PlyCount "67"]
[EventDate "2015.??.??"]

1. d4 Nf6 2. f3 d5 3. e4 e6 4. Be3 Be7 5. Nd2 O-O 6. Bd3 b6 7. c3 c5 8. e5 Nfd7
9. Ne2 Nc6 10. f4 cxd4 11. cxd4 f5 12. exf6 Nxf6 13. Rc1 Bd7 14. h3 Rc8 15. O-O
Nb4 16. Bb1 Bb5 17. Rxc8 Qxc8 18. a3 Qa6 19. Re1 Nd3 20. Bxd3 Bxd3 21. Nc3 Bd6
22. Nf3 h6 23. Ne5 Bh7 24. g4 Ne4 25. Qa4 Qxa4 26. Nxa4 Bxe5 27. dxe5 Rc8 28.
Rc1 Rxc1+ 29. Bxc1 b5 30. Nc3 Nxc3 31. bxc3 Be4 32. Kf2 Kf7 33. Be3 a5 34. Bb6
1/2-1/2

[Event "Schleswig-Holstein 2-Sachsen-Anhalt 2"]
[Site "?"]
[Date "2015.09.07"]
[Round "2.2"]
[White "Kracht, Helmut"]
[Black "Just, Joachim"]
[Result "1-0"]
[WhiteElo "2039"]
[BlackElo "1969"]
[PlyCount "109"]
[EventDate "2015.??.??"]

1. e4 g6 2. d4 Bg7 3. Be3 c6 4. Nf3 d5 5. Nbd2 Bg4 6. c3 Nf6 7. e5 Ne4 8. Be2
Qb6 9. Qc2 Nxd2 10. Qxd2 Bxf3 11. Bxf3 e6 12. h4 h5 13. b4 a5 14. O-O Nd7 15. a3
Qc7 16. Be2 b5 17. Bd3 a4 18. Bg5 Nb6 19. Rae1 Kd7 20. Re3 Kc8 21. Rf3 Ra7 22.
Re1 Kb8 23. Ree3 Qd7 24. Rf4 Qe8 25. Ref3 Qg8 26. Qc2 Bh6 27. Bxh6 Rxh6 28. Rf6
Re7 29. Qc1 Qg7 30. Rxf7 Rxf7 31. Rxf7 Qxf7 32. Qxh6 Nc4 33. Bxc4 dxc4 34. Qh8+
Kb7 35. Qf6 Qe8 36. f3 c5 37. Qg7+ Kb8 38. dxc5 Qd8 39. c6 Qb6+ 40. Kh2 Qxc6 41.
Qxg6 Qb6 42. Qe8+ Kb7 43. Qe7+ Ka8 44. Qd6 Qe3 45. Qa6+ Kb8 46. Qxb5+ Ka8 47.
Qxa4+ Kb7 48. Qb5+ Ka8 49. Qc6+ Kb8 50. Qd6+ Kb7 51. Qd7+ Kb8 52. Qb5+ Ka8 53.
Qxc4 Qxe5+ 54. g3 Qe1 55. Qe4+ 1-0

[Event "Schleswig-Holstein 2-Sachsen-Anhalt 2"]
[Site "?"]
[Date "2015.09.07"]
[Round "2.3"]
[White "Liebscher, Helmar"]
[Black "Boettcher, Ulrich"]
[Result "0-1"]
[WhiteElo "2100"]
[BlackElo "2085"]
[PlyCount "84"]
[EventDate "2015.??.??"]

1. e4 c5 2. Nf3 Nc6 3. d4 cxd4 4. Nxd4 g6 5. Nc3 Bg7 6. Be3 d6 7. Qd2 Nf6 8. f3
O-O 9. g4 Nxd4 10. Bxd4 Be6 11. h4 Qa5 12. h5 b5 13. hxg6 fxg6 14. Nxb5 Qxd2+
15. Kxd2 Bd7 16. Bc3 Ne8 17. Bxg7 Kxg7 18. Ke3 Rb8 19. a4 a6 20. Nd4 Rxb2 21.
Bxa6 e5 22. Ne2 Rxc2 23. Rhb1 Nc7 24. Bd3 Rc5 25. Rb7 Rf7 26. Ra7 Bc8 27. Kd2
Rxf3 28. Rc1 Rxc1 29. Kxc1 Rf7 30. Bc4 Re7 31. g5 d5 32. exd5 Nxd5 33. Ra8 Nb6
34. Rb8 Rc7 35. Rxb6 Rxc4+ 36. Kd2 Rxa4 37. Rc6 Ra2+ 38. Ke3 Ra3+ 39. Kd2 Bf5
40. Rc7+ Kg8 41. Nc3 Ra8 42. Nd5 Rd8 0-1

[Event "Schleswig-Holstein 2-Sachsen-Anhalt 2"]
[Site "?"]
[Date "2015.09.07"]
[Round "2.4"]
[White "Gehrmann, Rudolf-Rainer"]
[Black "Kirmas, Joachim"]
[Result "1-0"]
[WhiteElo "2064"]
[BlackElo "1958"]
[PlyCount "97"]
[EventDate "2015.??.??"]

1. c4 Nf6 2. Nc3 d5 3. cxd5 Nxd5 4. g3 g6 5. Bg2 Nxc3 6. bxc3 Bg7 7. Rb1 Nd7 8.
Nf3 O-O 9. O-O Re8 10. d4 c5 11. Qb3 cxd4 12. cxd4 Nb6 13. e3 Be6 14. Qb2 Bf5
15. Ra1 Be4 16. Nd2 Bxg2 17. Kxg2 Rc8 18. Qb3 Qd7 19. Ba3 Rc6 20. Rac1 Rec8 21.
Rxc6 Rxc6 22. Rb1 e6 23. Bc5 e5 24. Nf3 exd4 25. exd4 Rf6 26. Re1 Nc8 27. Ne5
Qf5 28. Nf3 h5 29. Re5 Qd7 30. Rd5 Qc6 31. Ne5 Qe8 32. Qxb7 Nb6 33. Bxb6 axb6
34. Qc7 Qe6 35. Rd8+ Kh7 36. Qc2 Rf5 37. Nf3 Rd5 38. Qc4 Ra5 39. Qxe6 fxe6 40.
Rd6 Rxa2 41. Rxb6 Ra4 42. Rxe6 Ra3 43. Re7 Rd3 44. Rd7 Kh6 45. h4 Kh7 46. Ng5+
Kh6 47. d5 Rd1 48. d6 Rd2 49. Re7 1-0